000 00489nam a2200193Ia 4500
005 20250326142054.0
008 250326s9999 xx 000 0 und d
037 _aTextbook
040 _aFMSL
_beng
_cFMSL
041 _aeng
_2eng
084 _qFMSL
100 _aIvancevich John M
245 0 _aManaging for performance
_cIvancevich John M
250 _a3rd
260 _aBusiness
_bBusiness, publications
_c1986
300 _a596p
942 _cTB
999 _c1293307
_d1293307